000
00324nam a2200133Ia 4500
005
20251222143107.0
008
251222s9999||||xx |||||||||||||| ||spa||
020
_a
9977-24-083-3
082
_a
372.4/M81
100
_a
Molina Bogantes, Zaida
245
0
_a
El Método Natural-Integral:
264
_b
Diproedit
942
_c
LIB
999
_c
11040
_d
11040